| 000 | 01072cam a2200325 i 4500 | ||
|---|---|---|---|
| 999 |
_c200448753 _d66965 |
||
| 001 | 200448753 | ||
| 003 | TR-AnTOB | ||
| 005 | 20220518111154.0 | ||
| 007 | ta | ||
| 008 | 920210s1981 tu 100 0 tur u | ||
| 035 | _a(TR-AnTOB)200448753 | ||
| 040 |
_aTR-AnTOB _beng _erda _cTR-AnTOB |
||
| 041 | 0 | _atur | |
| 050 | 4 |
_aT57.6 _b.Y66 1979 |
|
| 090 |
_aT57.6 _b.Y66 1979 |
||
| 111 | 2 |
_aYöneylem Araştırması _n(5. : _d1979 : _cEskişehir) _9136907 |
|
| 245 | 1 | 0 |
_aYöneylem araştırması bildiriler'79 / _cDüzenleme İmdat Kara [and others]. |
| 264 | 1 |
_aGebze ,Kocaeli : _bYöneylem Araştırma Derneği, _c[1981] |
|
| 300 |
_a393 pages ; _c24 cm |
||
| 336 |
_atext _btxt _2rdacontent |
||
| 337 |
_aunmediated _bn _2rdamedia |
||
| 338 |
_avolume _bnc _2rdacarrier |
||
| 504 | _aBIB | ||
| 650 | 7 |
_aYöneylem araştırması _vKongreler _2etuturkob _954762 |
|
| 710 | 2 |
_aYöneylem Araştırma Derneği _9136908 |
|
| 710 | 2 |
_aEskişehir İktisadi ve Ticari İlimler Akademisi _9132817 |
|
| 942 |
_2lcc _cBK |
||